00473nam a2200145Ia 4500008004100000020001500041041000800056082001500064100003700079245014200116250000700258260003600265300001400301650001200315210716s2007 xx 000 0 und d a8179913406 aeng a332.6 SHAA aShanbhag, A N;Shanbhag, Sandeep. aIn the wonderland of investment: financial year 2007-2008 assessment year 2008-2009.bFinancial year 2007-2008 assessment year 2008-2009. a26 aMumbaibPopular Prakashanc2007 axxxiv,327 aFinance